000 00442nam a2200193Ia 4500
005 20240823021915.0
008 240823s9999||||xx |||||||||||||| ||und||
020 _a0-7494-4659-5
041 _aENGLISH
082 _A658.454 P6
100 _a"Dunne,Patrick"
245 0 _aRunning Board Meetings
250 _a3rd
260 _c2006
_bKogan
500 _aYES
650 _aMeeting
_bManagement Studies
942 _cBK
999 _c177980
_d177980